000
00345nam a2200145Ia 4500
003
OSt
005
20240130101324.0
008
170523s9999 xx 000 0 und d
020
_a
978-0070281011
040
_c
iimt university meerut
100
_a
HENDERSON- JAMES M
245
0
_a
MICRO ECONOMIC THEORY
260
_b
MC GRAW HILL
942
_2
ddc
_c
02
999
_c
184
_d
184